000 00316nam a22001457a 4500
008 210607b ||||| |||| 00| 0 eng d
020 _a9780131865457
041 _aeng
080 _23rd
_a53
082 _a53
100 _a43
101 _aFIZ
245 _aPhysical Chemistry
_cIgnacio Tinoco
942 _2udc
_cBK
999 _c58000
_d58000